Statistics for World's Most Densely Populated Major Cities

Click here to take the quiz!

General Stats

  • This quiz has been taken 53 times
  • The average score is 12 of 16

Answer Stats

DensityCountryCity% Correct
26,000IndiaMumbai
94%
45,700BangladeshDhaka
92%
26,800SomaliaMogadishu
90%
17,300ColombiaBogota
88%
16,600EgyptAlexandria
88%
16,300North KoreaPyongyang
88%
23,300PakistanKarachi
87%
20,300Dem. Rep. of the CongoKinshasa
87%
17,100SenegalDakar
83%
16,300ColombiaMedellin
77%
25,700ChinaHong Kong
75%
26,300PakistanHyderabad
60%
18,300BangladeshChittagong
58%
21,900IndiaAhmedabad
46%
25,500IndiaSurat
37%
17,700PhilippinesDavao
35%

Score Distribution

Percentile by Number Answered

Percent of People with Each Score

Your Score History

You have not taken this quiz